Crónica del antifranquismo / (Record no. 84038)

MARC details
000 -LEADER
campo de control de longitud fija 00653nam a2200217 i 4500
001 - NÚMERO DE CONTROL
campo de control 84038
003 - IDENTIFICADOR DE NÚMERO DE CONTROL
campo de control ES-MaACL
005 - FECHA Y HORA DE LA ÚLTIMA TRANSACCIÓN
campo de control 20231222063043.0
007 - CAMPO FIJO DE DESCRIPCIÓN FÍSICA--INFORMACIÓN GENERAL
campo de control de longitud fija t|
008 - DATOS DE LONGITUD FIJA--INFORMACIÓN GENERAL
campo de control de longitud fija 041119s1983 sp ||||1| spa d
100 1# - ENTRADA PRINCIPAL--NOMBRE DE PERSONA
Nombre de persona Jáuregui, Fernando,
Fechas asociadas al nombre 1950-
9 (RLIN) 66193
245 10 - MENCIÓN DEL TÍTULO
Título Crónica del antifranquismo /
Mención de responsabilidad, etc. Fernando Jáuregui, Pedro Vega.
250 ## - MENCION DE EDICION
Mención de edición [2ª ed.].
260 ## - PUBLICACIÓN, DISTRIBUCIÓN, ETC.
Lugar de publicación, distribución, etc. [Barcelona] :
Nombre del editor, distribuidor, etc. Argos Vergara,
Fecha de publicación, distribución, etc. [1983]
300 ## - DESCRIPCIÓN FÍSICA
Extensión 318 p., 12 lám. ;
Dimensiones 22 cm.
490 1# - MENCIÓN DE SERIE
Mención de serie Primera plana ;
Designación de volumen o secuencia 34
700 1# - ENTRADA AGREGADA--NOMBRE PERSONAL
Nombre de persona Vega, Pedro.
9 (RLIN) 113578
830 0# - PUNTO DE ACCESO ADICIONAL DE SERIE-TÍTULO UNIFORME
Título uniforme Primera plana ;
Designación de volumen o secuencia 34
9 (RLIN) 180521
852 ## - LOCALIZACIÓN
Ubicación ES-MaACL
Número de control de estantería L-5672
Sublocalización o colección R.106164
Holdings
Estatus retirado Estado de pérdida Estado de daño No para préstamo Biblioteca de origen Biblioteca actual Ubicación en estantería Fecha de adquisición Fuente de adquisición Total de préstamos Signatura topográfica completa Código de barras Visto por última vez Precio de reemplazo Tipo de ítem Koha
        Biblioteca del Ateneo de Madrid Biblioteca del Ateneo de Madrid Depósito 2 17/01/2008     L-5672 1087826 23/02/2023 23/02/2023 Libro impreso